|
|
|
|
| LEADER |
00000nab a2200000 ar4500 |
| 001 |
vtls008950357 |
| 003 |
SK-MaSNL |
| 005 |
20260318124433.0 |
| 008 |
061129c20061128xo |||||||| 000 b|hun |
| 015 |
|
|
|a SNBRB2006/11
|2 snkbucl
|
| 038 |
|
|
|a SNKBUCL
|
| 040 |
|
|
|a DSZK
|b slo
|c DSZK
|e AACR2
|d SNKBUCL
|
| 041 |
0 |
|
|a hun
|
| 044 |
|
|
|a xo
|c SK
|
| 080 |
|
|
|a 75.071.1:061.4
|2 1997
|
| 080 |
|
|
|a 069.02:008
|x (=511.141)
|x (437.6)
|2 1997
|
| 100 |
1 |
|
|a Tallósi, Béla,
|d 1958-
|4 aut
|
| 245 |
1 |
0 |
|a Békétlen sakkjátszma a világ mészárszékén
|b a pozsonyi Szlovákiai Magyar Kultúra Múzeumában látható Dolán György Eufória című kiállítása
|c Tallósi Béla
|
| 300 |
|
|
|b Fotogr.
|
| 600 |
1 |
7 |
|a Dolán, György
|d 1952-
|x výstavy
|2 snkbucl
|9 1283731
|
| 610 |
2 |
7 |
|a Múzeum kultúry Maďarov na Slovensku
|2 snkbucl
|9 36107
|
| 648 |
|
7 |
|a 2006
|2 snkbucl
|9 313148
|
| 650 |
0 |
7 |
|a výstavy
|2 snkbucl
|9 2780
|
| 651 |
|
7 |
|a Bratislava (Slovensko)
|2 snkbucl
|9 14568
|
| 773 |
0 |
|
|t Új szó
|g Évf. 59, sz. 273 (28.11.2006), o. 9
|
| 852 |
|
|
|a SNK
|b KIS3GCP
|
| 852 |
|
|
|a DSZK
|b KIS3GCP
|
| 958 |
|
|
|a HU
|
| 958 |
|
|
|a SK
|
| 999 |
|
|
|c 2550737
|d 2552667
|